La desaparición de Majorana / (Record no. 168638)

MARC details
000 -LEADER
campo de control de longitud fija 00719nam a22002295i 4500
001 - NÚMERO DE CONTROL
campo de control 168638
003 - IDENTIFICADOR DE NÚMERO DE CONTROL
campo de control ES-MaACL
005 - FECHA Y HORA DE LA ÚLTIMA TRANSACCIÓN
campo de control 20231021062535.0
008 - DATOS DE LONGITUD FIJA--INFORMACIÓN GENERAL
campo de control de longitud fija 080428s2007 sp |||| | spa d
020 ## - NÚMERO INTERNACIONAL ESTÁNDAR DEL LIBRO
Número Internacional Estándar del Libro 978-84-8383-008-6
080 ## - NÚMERO DE LA CLASIFICACIÓN DECIMAL UNIVERSAL
Número de la Clasificación Decimal Universal 821.131.1-32"19"
100 1# - ENTRADA PRINCIPAL--NOMBRE DE PERSONA
Nombre de persona Sciascia, Leonardo.
9 (RLIN) 104929
245 13 - MENCIÓN DEL TÍTULO
Título La desaparición de Majorana /
Mención de responsabilidad, etc. Leonardo Sciascia ; traducción de Juan Manuel Salmerón.
250 ## - MENCION DE EDICION
Mención de edición 1ª ed.
260 ## - PUBLICACIÓN, DISTRIBUCIÓN, ETC.
Lugar de publicación, distribución, etc. Barcelona :
Nombre del editor, distribuidor, etc. Tusquets,
Fecha de publicación, distribución, etc. 2007.
300 ## - DESCRIPCIÓN FÍSICA
Extensión 116 p. ;
Dimensiones 21 cm.
490 1# - MENCIÓN DE SERIE
Mención de serie Andanzas ;
Designación de volumen o secuencia 637
700 1# - ENTRADA AGREGADA--NOMBRE PERSONAL
Nombre de persona Salmerón, Juan Manuel.
9 (RLIN) 137704
830 00 - PUNTO DE ACCESO ADICIONAL DE SERIE-TÍTULO UNIFORME
Título uniforme Colección Andanzas
Designación de volumen o secuencia 637
9 (RLIN) 234359
852 ## - LOCALIZACIÓN
Ubicación ES-MaACL
Número de control de estantería L-29396
itemnumber R.143038
Holdings
Estatus retirado Estado de pérdida Estado de daño No para préstamo Biblioteca de origen Biblioteca actual Ubicación en estantería Fecha de adquisición Fuente de adquisición Total de préstamos Signatura topográfica completa Código de barras Visto por última vez Precio de reemplazo Tipo de ítem Koha
        Biblioteca del Ateneo de Madrid Biblioteca del Ateneo de Madrid Depósito 2 28/04/2008     L-29396 1176973 23/02/2023 23/02/2023 Libro impreso